| 000 | 01539 a2200253 4500 | ||
|---|---|---|---|
| 001 | 47002 | ||
| 005 | 20260407155739.0 | ||
| 008 | 260407a1995 arg spa d | ||
| 003 | AR-UNSa-BCEJYS | ||
| 040 |
_aAR-UNSa-BCEJYS _bspa _cAR-UNSa-BCEJYS |
||
| 080 |
_a330.101.541 _xMacroeconomía |
||
| 245 | 1 | 0 | _aMacroeconomía |
| 020 | _a950-537-305-8 | ||
| 264 | 1 |
_aBuenos Aires : _bEdiciones Macchi _c1995 |
|
| 300 |
_axxxvii, 625 p. _c22 cm. |
||
| 505 | _aParte I: Introducción: 1. La ciencia de la macroeconomía - 2. Los datos de la macroeconomía -- Parte II: La economía en el largo plazo: 3. Ingreso nacional: producción, distribución y asignación - 4. Crecimiento económico - 5. Desempleo - 6. Inflación - 7. La economía abierta -- Parte III: La economía en el corto plazo: 8. Introducción a las fluctuaciones económicas - 9. Demanda agregada I - 10. Demanda agregada II - 11.La oferta agregada - 12. El debate sobre la política macroeconómica - 13. La economía abierta en el corto plazo - 14. La teoría de los ciclos económicos reales -- Parte IV: Más cerca de la microeconomía detrás de la macroeconomía: 15. Consumo - 16. Dos aspectos de la deuda pública - 17. Inversión - 18. Oferta y demanda de dinero. | ||
| 041 | _aspa | ||
| 942 | _cBK | ||
| 590 | _aniveau_biblio:m niveau_hierar:0 | ||
| 100 | 1 | _aMankiw, N. Gregory | |
| 700 | 1 | _aSouto, Graciela S. | |
| 700 | 1 | _aFernández Cendoya, Mariana | |
| 856 | 4 | 1 |
_uhttps://www.biblioeco.unsa.edu.ar/pmb/images/libros/L127368.jpg _yImagen de portada _qimage/jpeg |
| 999 |
_c4267 _d4267 |
||